[Event "Cologne Longerich op-B 12th"]
[Site "Cologne"]
[Date "2015.08.02"]
[Round "5"]
[White "Kuerten, Lothar"]
[Black "Fischer, Bastian"]
[Result "1-0"]
[WhiteElo "1606"]
[BlackElo "1476"]
[PlyCount "127"]
[EventDate "2015.07.31"]
[EventType "tourn"]
[EventRounds "5"]
[EventCountry "GER"]
[SourceTitle "EXT 2017"]
[Source "ChessBase"]
[SourceDate "2016.10.25"]
[SourceVersion "1"]
[SourceVersionDate "2016.10.25"]
[SourceQuality "1"]

1. e4 Nc6 2. Nf3 e5 3. d4 exd4 4. c3 dxc3 5. Nxc3 Bb4 6. Bc4 Nf6 7. 0-0 d6 8. Qb3 0-0 9. Nd5 Nxe4 10. Nxb4 Na5 11. Qc2 Nxc4 12. Qxe4 Nb6 13. b3 Re8 14. Qc2 a5 15. Nd3 Bf5 16. Bb2 Qd7 17. Rad1 Re7 18. Rfe1 Rae8 19. Rxe7 Rxe7 20. Qc3 f6 21. Re1 Be4 22. Qd2 Qe8 23. Nf4 a4 24. Bd4 c5 25. Bc3 axb3 26. axb3 d5 27. Ba5 g5 28. Bxb6 gxf4 29. Qxf4 Qc6 30. Bd8 Re8 31. Bxf6 Rf8 32. Qg4+ Bg6 33. Qe6+ Qxe6 34. Rxe6 Kf7 35. Ng5+ Kg8 36. Re7 Rxf6 37. Rxb7 Rd6 38. Kf1 h6 39. Nf3 Bc2 40. Ne1 Bb1 41. Ke2 Ba2 42. Nd3 c4 43. bxc4 dxc4 44. Nc1 c3 45. Nxa2 Rd2+ 46. Ke3 Rxa2 47. Rc7 c2 48. g4 Ra3+ 49. Kf4 Rh3 50. Rxc2 Rxh2 51. Kg3 Rh1 52. Kg2 Re1 53. Rc7 Re5 54. f4 Ra5 55. Kg3 Ra3+ 56. Kh4 Ra5 57. f5 Ra6 58. Kh5 Rf6 59. Re7 Rd6 60. Re6 Rd7 61. Rxh6 Rg7 62. Rg6 Rxg6 63. Kxg6 Kf8 64. Kh7 1-0

[Event "Cologne Longerich op-B 12th"]
[Site "Cologne"]
[Date "2015.08.01"]
[Round "3"]
[White "Kuerten, Lothar"]
[Black "Kuehlwein, Ralf"]
[Result "1-0"]
[WhiteElo "1606"]
[BlackElo "1412"]
[PlyCount "29"]
[EventDate "2015.07.31"]
[EventType "tourn"]
[EventRounds "5"]
[EventCountry "GER"]
[SourceTitle "EXT 2017"]
[Source "ChessBase"]
[SourceDate "2016.10.25"]
[SourceVersion "1"]
[SourceVersionDate "2016.10.25"]
[SourceQuality "1"]

1. e4 c5 2. d4 cxd4 3. c3 dxc3 4. Nxc3 d6 5. Bc4 Nc6 6. Nf3 Bg4 7. Bxf7+ Kd7 8. h3 Bxf3 9. Qxf3 e6 10. Bxg8 Rxg8 11. Qf7+ Ne7 12. Bf4 Qe8 13. Qxe8+ Rxe8 14. 0-0-0 e5 15. Bxe5 1-0